000 00354 a2200157 4500
001 176536
020 _a
040 _cMagnum
100 _aAlencar, Chico
240 1 0 _aTalita abre a porta dos evangelhos
_lpor
245 1 0 _aTalita abre a porta dos evangelhos
362 0 _a1899
440 1 _aModerna
697 _aMAGNITO: IJ/CONTOS
942 _cBK
999 _c176536
_d176536